000 00800nam a2200121Ia 4500
008 220620s9999||||xx |||||||||||||| ||und||
245 4 _aThe Leap of Faith
_bThe Fiscal Foundations of Successful Government in Europe and America
546 _aEnglish[eng]
650 _atax compliance||Sweden||United States||Britain||Romania||Italy||tax evasion||fairness||developing countries||tax policies||developed countries||history of tax||Income tax
700 _aSteinmo, Sven H.
856 _uhttps://library.oapen.org/bitstream/20.500.12657/28909/1/9780198796817.pdf||https://library.oapen.org/bitstream/20.500.12657/28909/1/9780198796817.pdf||https://library.oapen.org/bitstream/20.500.12657/28909/1/9780198796817.pdf||https://library.oapen.org/bitstream/20.500.12657/28909/1/9780198796817.pdf
942 _cEB
999 _c28798
_d28798